BURKITS ORAL MEDICINE (Record no. 3816)

MARC details
000 -LEADER
fixed length control field 00351nam a2200145Ia 4500
008 - FIXED-LENGTH DATA ELEMENTS--GENERAL INFORMATION
fixed length control field 150201s2008 xx 000 0 und d
082 ## - DEWEY DECIMAL CLASSIFICATION NUMBER
Classification number 617.63
Item number B2008G
100 ## - MAIN ENTRY--PERSONAL NAME
Personal name GREENBERG,MARTIN
245 ## - TITLE STATEMENT
Title BURKITS ORAL MEDICINE
250 ## - EDITION STATEMENT
Edition statement 11TH
260 ## - PUBLICATION, DISTRIBUTION, ETC. (IMPRINT)
Name of publisher, distributor, etc. B.C.DECKER
Place of publication, distribution, etc. TORONTO
Date of publication, distribution, etc. 2008
300 ## - PHYSICAL DESCRIPTION
Extent 1-586
650 ## - SUBJECT ADDED ENTRY--TOPICAL TERM
Topical term or geographic name as entry element ORAL MEDICINE
942 ## - ADDED ENTRY ELEMENTS (KOHA)
Source of classification or shelving scheme Dewey Decimal Classification
Koha item type Books
Koha issues (borrowed), all copies 29
Holdings
Withdrawn status Lost status Source of classification or shelving scheme Damaged status Not for loan Home library Current library Date acquired Source of acquisition Cost, normal purchase price Serial Enumeration / chronology SGTU Bill Number Total Checkouts Full call number Barcode Date last seen Date last checked out Bill Date Koha item type
    Dewey Decimal Classification     SGT Dental Library SGT Dental Library 09/01/2008 DELHI BOOK STORE (DELHI) 1395.00 1 SGTU 1550 40 617.63 B2008G FD4716 22/09/2022 17/09/2022 16/10/2012 Books
    Dewey Decimal Classification     SGT Dental Library SGT Dental Library 09/01/2008 DELHI BOOK STORE (DELHI) 1395.00 1 SGTU 1550 39 617.63 B2008G FD4717 28/07/2025 28/07/2025 16/10/2012 Books
    Dewey Decimal Classification     SGT Dental Library SGT Dental Library 09/01/2008 DELHI BOOK STORE (DELHI) 1395.00 1 SGTU 1550 3 617.63 B2008G FD4718 21/11/2025 21/11/2025 16/10/2012 Books
    Dewey Decimal Classification     SGT Dental Library SGT Dental Library 09/01/2008 DELHI BOOK STORE (DELHI) 1395.00 1 SGTU 1550 10 617.63 B2008G FD4719 28/07/2025 28/07/2025 16/10/2012 Books
    Dewey Decimal Classification     SGT Dental Library SGT Dental Library 09/01/2008 DELHI BOOK STORE (DELHI) 1395.00 1 SGTU 1550   617.63 B2008G FD4720 09/02/2015   16/10/2012 Books